Loading...
| Current Events | 1 | 20.00 | 0% | 100% | 100% |
| Fine Arts - Classical Music | 4 | 10.00 | 75% | 25% | 0% |
| Fine Arts - Painting and Sculpture | 3 | 6.67 | 67% | 0% | 0% |
| History - American | 2 | 20.00 | 100% | 50% | 50% |
| History - European | 2 | 10.00 | 100% | 0% | 0% |
| History - Other | 1 | 10.00 | 100% | 0% | 0% |
| History - World | 4 | 2.50 | 25% | 0% | 0% |
| Literature - American | 3 | 0.00 | 0% | 0% | 0% |
| Literature - British | 3 | 3.33 | 33% | 0% | 0% |
| Literature - European | 2 | 0.00 | 0% | 0% | 0% |
| Literature - World | 2 | 5.00 | 50% | 0% | 0% |
| Mythology | 4 | 7.50 | 75% | 0% | 0% |
| Other Academic | 2 | 0.00 | 0% | 0% | 0% |
| Philosophy | 1 | 0.00 | 0% | 0% | 0% |
| Religion | 1 | 0.00 | 0% | 0% | 0% |
| Science - Biology | 1 | 10.00 | 100% | 0% | 0% |
| Science - Chemistry | 2 | 0.00 | 0% | 0% | 0% |
| Science - Other | 2 | 5.00 | 50% | 0% | 0% |
| Science - Physics | 3 | 6.67 | 67% | 0% | 0% |
| Social Science | 4 | 5.00 | 50% | 0% | 0% |